| 000 | 00485nam a2200145Ia 4500 | ||
|---|---|---|---|
| 008 | 231129s2013||||xx |||||||||||||| ||spa|| | ||
| 020 | _a978-958-59736-1-9 | ||
| 040 | _bspa | ||
| 082 | _aDVD 01 MUS-02 | ||
| 100 | _aSilva Lucas | ||
| 245 | 0 | _aRapsodia negra [Videograbación]: Un retrato de Alfonso Cordoba "El brujo" | |
| 260 | _c2013 | ||
| 264 | _aColombia: Hollywood Films; Fondo para el desarrollo cinematográfico Colombia | ||
| 942 |
_2ddc _cBKS |
||
| 999 |
_c23716 _d23716 |
||